The acquisition of land (rate of interest after entry) (Record no. 118795)

MARC details
000 -LEADER
fixed length control field 01559cai a22002295a 4500
001 - CONTROL NUMBER
control field ##L129232
008 - FIXED-LENGTH DATA ELEMENTS--GENERAL INFORMATION
fixed length control field 050404c1995 xxkqr ws ss f000 00eng u
035 ## - SYSTEM CONTROL NUMBER
System control number (Sirsi) u129232
041 0# - LANGUAGE CODE
Language code of text/sound track or separate title eng
110 1# - MAIN ENTRY--CORPORATE NAME
Corporate name or jurisdiction name as entry element United Kingdom
Subordinate unit Department for Communities and Local Government
9 (RLIN) 4939
245 04 - TITLE STATEMENT
Title The acquisition of land (rate of interest after entry)
260 ## - PUBLICATION, DISTRIBUTION, ETC.
Place of publication, distribution, etc. London
Name of publisher, distributor, etc. DCLG
Date of publication, distribution, etc. 1995-
520 ## - SUMMARY, ETC.
Summary, etc. The acquisition of land (rate of interest after entry) is 5.25% from 1 October 2007, having last increased from 5%. The rate is set at 0.5% below bank base rate on the reference days of 31 March, 30 June, 30 Sept and 31 December (or next the business days if any of these days are not business days) under The Acquisition of Land (Rate of Interest after Entry) Regulations 1995 (England and Wales), The Acquisition of Land (Rate of Interest after Entry) (Scotland) Regulations 1995 and the Compulsory Acquisition (Interest) Order (Northern Ireland) 1996.
590 ## - LOCAL NOTE (RLIN)
Local note IKA170106
650 24 - SUBJECT ADDED ENTRY--TOPICAL TERM
Topical term or geographic name entry element ACQUISITION OF LAND (RATE OF INTEREST AFTER ENTRY) REGULATIONS 1995
650 24 - SUBJECT ADDED ENTRY--TOPICAL TERM
Topical term or geographic name entry element ACQUISITION OF LAND (RATE OF INTEREST AFTER ENTRY) (SCOTLAND) REGULATIONS 1995
650 24 - SUBJECT ADDED ENTRY--TOPICAL TERM
Topical term or geographic name entry element COMPULSORY ACQUISITION (INTEREST) ORDER (NORTHERN IRELAND) 1996
651 #4 - SUBJECT ADDED ENTRY--GEOGRAPHIC NAME
Geographic name United Kingdom
Chronological subdivision
690 ## - LOCAL SUBJECT ADDED ENTRY--TOPICAL TERM (OCLC, RLIN)
Topical term or geographic name as entry element ENVIRONMENTAL AND LAND CONSULTANCY-PLANNING AND DEVELOPMENT-COMPULSORY PURCHASE AND COMPENSATION
856 40 - ELECTRONIC LOCATION AND ACCESS
Uniform Resource Identifier <a href="https://www.communities.gov.uk/publications/planningandbuilding/circularletter">https://www.communities.gov.uk/publications/planningandbuilding/circularletter</a>
Public note View a table of the rates since 1995 at www.communities.gov.uk...
942 ## - ADDED ENTRY ELEMENTS (KOHA)
Suppress in OPAC 0
Holdings
Withdrawn status Lost status Source of classification or shelving scheme Damaged status Not for loan Home library Current library Shelving location Date acquired Total Checkouts Full call number Barcode Date last seen Copy number Price effective from Koha item type
    Dewey Decimal Classification     Virtual Virtual Online 04/04/2005   ONLINE PUBLICATION 129232-2001 06/08/2019 1 06/08/2019 Book